000 01223njm a22002417a 4500
005 20100903150253.0
006 a|||||r|||||00| 0
007 sd ammalaaahaa
008 100903t xxu||||| |||| 00| 0 eng d
028 _aH.1075 G
_bHindusthan Record
035 _aGR-461
040 _aSED
_cSED
100 _917690
_aSaigal
245 _aHindustani Bhanwra /
_cby Saigal; music by Khemchand Prakash
_h[Sound Recording] :
246 _aहिन्दुस्तानी भंवरा /
260 _aDum Dum India
_bHindusthan Record
300 _a1 sound disc (Gramophone Recording)
_banalog 33 1/3 rpm
_c9.5 in. (MP)
_fGramophone Record
500 _aBrief Record
505 _aSide1- क्या हमने बिगारा हैं क्या हमको सताते हो (Kya Humne Bigara hain kya Humko Satate Ho) (Saigal) -- Side 2- ठुकरा रहो हैं दुनिया हम हैं के सोराहे हैं (Thukara Raho Hey Duniya Hum He Ke Sorahe Hein) (Saigal ).
650 _aHindustani Classical Music
_xExcerpts
_zIndia
_917691
942 _2ddc
_cGR
999 _c43617
_d43617